000 01799nam a2200277 a 4500
001 78828
003 BD-RjUL
005 20220124095258.0
008 211120m19571966ua ab b 001 0 ara d
035 _a(BD-RjUL)79055
040 _aFUG
_cFUG
_dCStRLIN
_dCU-SB
_dUkOxU
_beng
041 _aara
082 _223
_a297.09
_bAMZ 1966
100 1 _aAmīn, Aḥmad,;; أمين، أحمد.
_d1886-1954.
_9250224
245 1 0 _aظهر الإسلام /;; Ẓuhr al-Islām. /
_cتأليف أحمد أمين.;; taʼlīf Aḥmad Amīn.
250 _a 4rth.ed. الطبعة الرابعة
260 _aal-Qāhirah ;; :القاهرة :
_bMaktabat al-Nahḍah al-Miṣrīyah;; ,مكتبة النهضة المصرية،
_c1966
300 _a4 v. :
_bill., folded maps ;
_c24 cm.
500 _aVol. 1 published: al-Qāhirah : Maṭbaʿat Khalaf, 1958.
500 _aEditions vary.
504 _aIncludes bibliographical references and indexes.
505 0 _aal-Juzʼ 1. al-Ḥālah al-ijtimāʿīyah wa-marākiz al-ḥayāh al-ʿaqlīyah min ʿahd al-Mutawakkil ilá ākhir al-qarn al-rābiʿ al-hijrī -- al-juzʼ 2. Tārīkh al-ʿulūm wa-al-ādāb wa-al-funūn fī al-qarn al-rābiʿ al-hijrī -- al-juzʼ 3. al-Ḥayāh al-ʿaqlīyah fī al-Andalus min fatḥ al-ʿArab la-hā ilá khurūjihim minhā, wa-yatakallamu fī al-ḥarakāt al-dīnīyah wa-al-lughawīyah wa-al-naḥwīyah wa-al-adabīyah wa-al-falsafīyah wa-al-tārīkhīyah wa-al-fannīyah -- al-juzʼ 4. al-Madhāhib wa-al-ʿaqāʼid wa-taṭawwuruhā wa-fī al-ṣirāʿ baynahā, wa-fī al-marḥalah al-akhīrah min tadwīnihā fī mutūn thumma sharḥ hādhihi al-mulakhkhaṣāt, maʿa naẓarāt fī mustaqbal al-madhāhib al-Islāmīyah.
650 0 _aIslamic civilization.
_9250225
650 0 _aIslam.
_9250226
942 _2ddc
_cBK
999 _c78828
_d78828